[Event "Hoogeveen Essent op"]
[Site "Hoogeveen"]
[Date "2004.10.17"]
[Round "3"]
[White "Gurevich, Mikhail"]
[Black "Jonkman, Harmen"]
[Result "1-0"]
[WhiteElo "2644"]
[BlackElo "2417"]
[Annotator "Gurevich,M"]
[PlyCount "67"]
[EventDate "2004.10.15"]
[EventType "swiss"]
[EventRounds "9"]
[EventCountry "NED"]
[SourceTitle "CBM 102 Extra"]
[Source "ChessBase"]
[SourceDate "2004.11.03"]
[SourceVersion "1"]
[SourceVersionDate "2004.11.03"]
[SourceQuality "1"]

1. d4 d5 2. c4 dxc4 3. e4 Nf6 4. e5 Nd5 5. Bxc4 Nb6 6. Bb3 Nc6 7. Ne2 Bf5 8.
Nbc3 e6 9. O-O Qd7 10. a3 O-O-O 11. Be3 h5 (11... f6 12. exf6 gxf6 13. Ng3 Nxd4
14. Bxd4 Qxd4 15. Nxf5 exf5 16. Nb5 Qxd1 17. Raxd1 Bc5 18. Nxa7+ Kb8 19. Nb5 c6
20. Nc3 f4 21. Rfe1 Bd4 22. Kf1 Be5 23. Rxd8+ Rxd8 24. Rd1 Re8 {1/2-1/2
Onischuk,A-Karpov,A/Kansas USA 2003/The Week in Chess 476 (24)}) 12. Qc1 f6 13.
Rd1 Na5 {N} (13... Qf7 {-Van Wely,L-Korchnoj,V Wijk aan Zee 2000;0-1(55)}) 14.
Ba2 Nac4 {[#]Diagram} 15. d5 $1 Qe8 (15... exd5 16. Nxd5 Nxd5 17. Bxc4 Qc6 18.
Bxd5 Rxd5 19. Qxc6 bxc6 20. exf6 gxf6 21. Bxa7 $16) (15... fxe5 16. dxe6 Qe8 (
16... Qxe6 17. Rxd8+ Kxd8 18. Bxb6 axb6 19. Bxc4 Qxc4 20. Qg5+) 17. Bxc4 Nxc4
18. Nd5 $36) 16. Bxb6 (16. Bxc4 Nxc4 17. Nd4 Bg4 18. f3 fxe5 $132) 16... Nxb6
17. Nd4 fxe5 18. Nxe6 Bxe6 (18... Rd7 19. Qe3 Bd6 20. a4 $5 $40) 19. dxe6 Rxd1+
20. Qxd1 $14 Bc5 21. Qe2 Bd6 (21... Rf8 22. Qxe5 $5 Bxf2+ 23. Kh1 Qe7 24. a4 $5
$36) (21... Bd4 22. Nb5 Rf8 23. Nxd4 exd4 24. e7 $18) 22. Rc1 (22. a4 $1 Nxa4 (
22... Kb8 23. a5 Nc8 24. a6 $40) 23. Bd5 $1 c6 (23... Nxc3 24. Bxb7+ $1) 24.
Nxa4 cxd5 25. Nb6+ $16) 22... Kb8 23. Ne4 a6 24. h3 (24. Nxd6 $5 cxd6 25. Qe3
Nc8 26. f4 $36) 24... Qb5 25. Qd2 (25. Qe3 $5 {(/\26.b4)} Qxb2 $2 26. Nxd6 cxd6
27. Rb1 Qxa2 28. Qxb6 Qd5 29. e7 $18) 25... Be7 $5 26. b4 Rd8 27. Qc3 c6 (27...
Ka7 28. Qxc7 Rc8 29. Nc3 $18) 28. Qg3 $1 $16 g5 (28... Qd3 29. Qxe5+ Ka7 30.
Nc3 (30. Qxg7 $6 Qxe4 31. Qxe7 Rg8 $132) 30... Bf6 31. Qe4 $1 Qd2 (31... Bxc3
32. Qxd3 Rxd3 33. e7) 32. Rc2 Qg5 33. Qf3 $16) 29. Nc3 $1 Qd3 30. Qxe5+ Ka8 31.
Rd1 $1 Qc2 (31... Qxd1+ 32. Nxd1 Rxd1+ 33. Kh2 Bd6 34. Qxd6 Rxd6 35. e7 $18)
32. Rxd8+ Bxd8 33. Qd6 $1 $18 Bf6 $138 (33... Qxc3 34. Qxd8+ Ka7 35. Qxg5 $1
Qa1+ 36. Kh2 Qxa2 37. Qe3 $1 $18) 34. Qf8+ 1-0

[Event "Groningen op"]
[Site "Groningen"]
[Date "1997.??.??"]
[Round "7"]
[White "Gurevich, Mikhail"]
[Black "Meins, Gerlef"]
[Result "1-0"]
[WhiteElo "2585"]
[BlackElo "2465"]
[Annotator "Gurevich,M"]
[PlyCount "69"]
[EventDate "1997.12.20"]
[EventType "swiss"]
[EventRounds "11"]
[EventCountry "NED"]
[SourceTitle "CBM 063"]
[Source "ChessBase"]
[SourceDate "1998.03.26"]
[SourceVersion "1"]
[SourceVersionDate "1998.03.26"]
[SourceQuality "1"]

1. d4 d5 2. c4 dxc4 3. e4 e5 4. Nf3 exd4 5. Bxc4 Bb4+ 6. Bd2 Bxd2+ 7. Nbxd2 Nc6
8. O-O Qf6 9. b4 a6 10. a4 $5 (10. e5 Qg6 11. Nb3 $6 (11. Re1 $1) 11... Nge7 (
11... Bg4 {- 52/384}) 12. Nbxd4 (12. Re1 $5) 12... Bh3 $1 {N} 13. Nh4 Qg4 14.
Qxg4 {Kasparov,G-Short,N/Novgorod 1994/Inf 61/[Kasparov,G]/1/2-1/2 (44)}) 10...
Nxb4 $5 {TN} (10... Nge7 11. b5 Na5 12. Bd3 O-O 13. Qc2 Qb6 14. Rfc1 c6 15.
bxa6 bxa6 16. Rab1 Qa7 17. Ne5 $44 {0-1 Michaelsen,N-Meins,G Germany BL 1997 
(52)}) 11. e5 Qg6 12. Nxd4 Ne7 (12... c5 13. e6 $1 fxe6 14. Nxe6 Bxe6 15. Bxe6
$36) 13. Ra3 $5 O-O (13... Bg4 $5 14. Qc1 Rd8) 14. Rg3 $36 Qh6 15. Ne4 Nf5 (
15... Rd8 16. Qf3 Ned5 17. Ng5 $40) 16. Rg5 $1 (16. Nf6+ Kh8 17. Rh3 Nh4 18.
Ng4 Qg5) 16... Nxd4 (16... g6 17. e6 Bxe6 (17... Nxd4 18. exf7+ Kh8 19. Qxd4+
Qg7 20. Qc5 $16) 18. Nxe6 fxe6 19. Bxe6+ Kh8 20. Bxf5 Rxf5 21. Qd4+ $16) 17.
Nf6+ $1 Kh8 18. Rh5 Qxh5 $1 (18... Qg6 19. Rxh7+ Qxh7 20. Nxh7 $16) 19. Qxh5 $5
(19. Nxh5 c5 20. Qd2 Be6 21. Qg5 Rg8 22. Bxe6 fxe6) 19... gxf6 20. Qh4 (20. Qh6
Kg8 21. exf6 (21. Qxf6 Nf5 $13) 21... Nf5 $13) 20... Nf5 (20... c5 21. Qxf6+
Kg8 22. Re1 Bf5 23. Re3 $40) 21. Qxf6+ Kg8 22. Rd1 Be6 23. Bxe6 fxe6 24. Qxe6+
Kh8 25. Rd7 $36 Rae8 26. Qb3 Nc6 27. f4 (27. Rxc7 Rxe5) 27... Re7 28. Rxe7
Nfxe7 29. g3 $1 (29. Qxb7 Rxf4 30. Qxa6 Kg7 $13) 29... Rb8 $6 (29... b6 30. Qc4
$1 a5 31. Qe6 $14) 30. Qf7 $1 $40 {With idea f4-f5-f6} b5 31. f5 Rg8 (31... b4
32. f6 Nf5 33. Qxc7 b3 34. f7 $1 Kg7 (34... b2 35. Qxb8+ Nxb8 36. f8=Q#) 35.
Qxc6 b2 36. Qf6+ Kf8 37. Qh8+ Kxf7 38. Qxb8 $18) 32. f6 Ng6 33. e6 $18 Nd8 (
33... Nce5 34. Qxc7 bxa4 35. e7 a3 36. e8=Q Rxe8 37. Qg7#) (33... Nd8 {[#]})
34. Qxg8+ $1 Kxg8 35. e7 1-0

[Event "Alushta"]
[Site "Alushta"]
[Date "1993.??.??"]
[Round "?"]
[White "Savchenko, Stanislav"]
[Black "Ibragimov, Ildar"]
[Result "1-0"]
[WhiteElo "2535"]
[BlackElo "2540"]
[Annotator "Hansen,Cu"]
[PlyCount "59"]
[EventDate "1993.??.??"]
[EventType "tourn"]
[EventRounds "9"]
[EventCountry "UKR"]
[EventCategory "10"]
[SourceTitle "CBM 036"]
[Source "ChessBase"]
[SourceDate "1993.10.01"]
[SourceVersion "1"]
[SourceVersionDate "1993.10.01"]
[SourceQuality "1"]

1. d4 {Ftacnik} d5 2. c4 dxc4 3. e4 Nc6 4. Be3 Nf6 5. Nc3 Ng4 6. e5 (6. Bxc4
Nxe3 (6... e5 7. Qb3 (7. d5 Nxe3 8. fxe3 Nb8 9. Qf3 Qh4+ 10. g3 Qg4 11. Qf2 Bd6
12. Nf3 a6 13. O-O-O $13 {Boensch,U-Mueller,Ka/FRG-Cup/1991/}) (7. Qf3 Qd7 8.
O-O-O exd4 9. Nge2 Bc5 10. Na4 $13 {Schienmann,B-Nikolic,N/Lugano op/1989/})
7... Qd7 (7... Nxd4 8. Bxd4 Qxd4 9. Bxf7+ Ke7 10. Nh3 c6 11. Bh5 Nh6 12. Rd1
Qc5 13. O-O g6 14. Na4 Qb5 15. Qg3 Nf7 16. Nc3 Qb6 17. Bg4 $16 {Boensch,
U-Adamski,J/Leipzig/1988/}) 8. O-O-O (8. Bb5 exd4 9. O-O-O a6 10. Bxc6 Qxc6 11.
Bxd4 Qh6+ 12. Kb1 c5 13. Nd5 Bd6 14. Be3 Nxe3 15. Qxe3 Qxe3 16. Nxe3 Be7 17.
Nd5 Bd8 18. Nf3 $14 {Gruenberg,HU-Adamski,J/Leipzig/1988/}) 8... exd4 9. Nf3
Bc5 10. Qb5 Bd6 11. Bxd4 O-O 12. h3 Nxd4 13. Qxd7 Bxd7 14. Rxd4 Nxf2 15. Rf1
Be6 16. Bxe6 fxe6 17. Rxf2 Bc5 18. Rfd2 Bxd4 19. Nxd4 $16 {Vyzmanavin,
A-Baburin,A/Gorky/1989/}) 7. fxe3 e6 (7... e5 8. Qh5 g6 9. Qf3 f6 10. Nge2 Na5
11. Bb5+ c6 12. dxe5 fxe5 13. O-O Be6 $13 {Gurevich,D-Kovacevic,V/Hastings/
1982/}) 8. Nf3 Be7 9. O-O O-O 10. e5 $14 Na5 (10... a6 11. Rc1 Bd7 12. Bd3 Nb4
13. Bb1 $14 {Bagirov,V-Dobrovolsky,L/Stary Smokovec/1981/}) 11. Bd3 c5 12. Rc1
b6 13. Qc2 h6 $13 {Bangiev,A-Videki,S/Budapest op/1989/}) 6... Nxe3 (6... Bf5
7. Bxc4 e6 8. Nf3 Nxe3 9. fxe3 Be7 10. O-O O-O 11. a3 {0,5-0,5/Wegner,
H-Mueller,Ka/Hamburger SKA/1991/} Nb8 12. e4 Bg4 13. d5 Nd7 14. dxe6 Bxe6 15.
Bxe6 fxe6 16. b4 Nxe5 {0,5-0,5/Alterman,V-Kramnik,V/URS-qualJ Sochi/1990/} (
16... Nxe5 $1 {Ftacnik} 17. Nxe5 Rxf1+ {Alterman,B-Kramnik,V/USSR/1990/} 18.
Kxf1 Bf6 19. Qb3 Qd6 20. Nf3 Qd3+ 21. Kg1 Bxc3 22. Kh1 $1 Rf8 23. Qxe6+ Kh8 24.
Rg1 h6 25. Qe7 Rxf3 $1 $10)) (6... g6 7. e6 f5 8. d5 Nxe3 9. fxe3 Ne5 10. Nf3
Nxf3+ 11. Qxf3 Bg7 12. Bxc4 O-O $13 {Podgaets,M-Donchenko,A/Tal mem./1992/} (
12... O-O {Ftacnik} 13. O-O a6 14. Rad1 Qd6 15. Bb3 b5 16. h4 Bb7 17. h5 Be5
18. Ne2 Rad8 19. Qh3 Kg7 20. Nf4 Rf6 21. Qg3 a5 22. a3 a4 23. Ba2 Bxf4 24. exf4
$14 {Podgaets,M-Donchenko,A/Moscow Tal/1992/0.5 (43)})) 7. fxe3 Na5 $6 (7... e6
8. Nf3 (8. Bxc4 $2 {Ftacnik} Nxe5 9. dxe5 Qh4+ $17) 8... Na5 (8... Be7 {Ftacnik
} 9. Bxc4 O-O 10. a3 $14) 9. Qa4+ c6 10. b4 cxb3 11. axb3 Qb6 12. Qxa5 Qxa5 13.
Rxa5 Bb4 14. Rc5 $18 {Makarov,M-Karasev,V/USSR/1989/}) 8. Qa4+ c6 9. b4 cxb3
10. axb3 e6 (10... b6 11. b4 $16 (11. b4 {Ftacnik} Nb7 12. Qxc6+ Qd7 13. Qe4
$16)) 11. b4 (11. Qxa5 Qxa5 12. Rxa5 Bb4 13. Rc5 $16) 11... Nc4 12. Bxc4 b5 13.
Nxb5 cxb5 14. Bxb5+ $16 Bd7 15. Ne2 {<->f} (15. Nf3 Bxb5 16. Qxb5+ Qd7 $14)
15... Bxb5 (15... Be7 {Ftacnik} 16. O-O Bxb5 17. Qxb5+ Kf8 18. Nf4 $18) 16.
Qxb5+ Qd7 17. Qxd7+ Kxd7 18. O-O $16 f6 (18... Ke8 19. b5 $16) 19. exf6 gxf6
20. Rxf6 Bxb4 21. Ra6 (21. Rf7+ Be7) 21... Rhe8 22. Nf4 {/\Nxe6/Nd3} Bd6 (22...
e5 {Ftacnik} 23. Nd3 $18) 23. d5 $18 Bc5 (23... Bxf4 24. dxe6+ (24. exf4 exd5
25. Rfd6+ Kc7 26. Rxd5 $16) 24... Kc7 25. exf4 $18 (25. Rf7+ {Ftacnik} Kc8 26.
exf4 $18)) 24. dxe6+ Kc7 25. Rf7+ Re7 26. Nd5+ Kb7 27. Rxa7+ Rxa7 28. Nxe7
Bxe3+ 29. Kf1 Bc5 30. Nf5+ (30. Nf5+ {Ftacnik} Kc6 31. Rxa7 Bxa7 32. e7 Kd7 33.
Nd6 Kxe7 34. Nc8+ $18) 1-0

[Event "Candidates sf1"]
[Site "Linares"]
[Date "1992.??.??"]
[Round "3"]
[White "Karpov, Anatoly"]
[Black "Short, Nigel D"]
[Result "1/2-1/2"]
[WhiteElo "2725"]
[BlackElo "2685"]
[Annotator "Hansen,Cu"]
[PlyCount "187"]
[EventDate "1992.04.??"]
[EventType "match"]
[EventRounds "10"]
[EventCountry "ESP"]
[SourceTitle "Candidates"]
[Source "ChessBase"]
[SourceDate "1999.07.01"]
[SourceVersion "2"]
[SourceVersionDate "1999.07.01"]
[SourceQuality "1"]

1. d4 {Ftacnik} d5 2. c4 dxc4 3. e4 Nf6 4. e5 Nd5 5. Bxc4 Nb6 6. Bd3 Nc6 7. Be3
Nb4 8. Be4 f5 9. exf6 exf6 10. Nc3 f5 11. Bf3 (11. Bb1 N4d5 12. Nf3 Be7 {
1/2-1/2 Hebden-Drasko 1991}) 11... N4d5 12. Bd2 Be6 13. Nge2 Qd7 14. O-O O-O-O
15. Re1 Rg8 16. Bg5 Re8 17. Nf4 Nxf4 18. Bxf4 g5 19. Be5 Bg7 20. Rc1 $6 (20.
Bxg7 Qxg7 21. d5 $14) 20... Bxe5 21. dxe5 (21. Rxe5 {Ftacnik} g4 22. Be2 Rd8
$15) 21... Qxd1 22. Bxd1 a6 $15 23. g3 (23. Na4 Nxa4 24. Bxa4 Rd8 $15 {/\Rd2,
><a2}) (23. Bb3 $5) 23... Re7 24. b3 $6 Rd7 25. f3 (25. Be2 $5 {Ftacnik}) 25...
Nd5 26. Na4 (26. Nxd5 Rxd5 $17 {/\Rgd8} (26... Rxd5 {Ftacnik} 27. Be2 Rd2 $17))
26... b6 {פa4} 27. Be2 Kb7 28. Bc4 c5 29. Kf2 Rgd8 30. Re2 Nc7 $17 31. Rcc2
Kc6 32. Nb2 b5 33. Bxe6 Nxe6 34. Rc1 Rd4 35. Ke1 R4d5 36. Kf2 Nd4 37. Re3 f4
38. gxf4 gxf4 39. Re4 Ne6 40. Rc2 Rd2+ 41. Re2 Rxc2 42. Rxc2 Rd4 43. Re2 Kd5
44. Kg2 h5 45. Kf1 h4 46. Kg2 Ng5 47. Kf2 h3 48. Rc2 Ne6 49. Ke2 Kxe5 50. Nd3+
Kd6 $19 51. Nf2 Rd5 52. Rc3 (52. Nxh3 $2 {Ftacnik} Nd4+ $19) 52... Kc6 53. Nxh3
Rh5 54. Nf2 Rxh2 55. Kf1 Kd5 56. Rd3+ Nd4 57. Kg1 Rh6 58. Ne4 c4 (58... Rh3 $6
59. Kg2) 59. bxc4+ bxc4 60. Rd1 (60. Ra3 Nxf3+ $19) 60... Rc6 61. Nc3+ Ke5 62.
Kf1 Rh6 63. Re1+ Kf5 64. Re8 Nxf3 65. Ne2 Nh2+ (65... Rh2 $1 {Ftacnik} 66. Rf8+
(66. a4 Ne5 67. Rf8+ Ke4 68. Nxf4 c3 69. Ne2 c2 70. Rc8 Ke3 71. Rxc2 Rf2+ 72.
Ke1 Nf3+ 73. Kd1 Rf1#) 66... Ke4 67. Nxf4 (67. Rxf4+ Ke3 $19) 67... c3 68. Ne2
c2 69. Rc8 Nd4 70. Nxd4 c1=Q+ 71. Rxc1 Rh1+ $19) 66. Kg1 f3 67. Rf8+ Ke5 (67...
Ke4 $1 $19 {Ftacnik}) 68. Ng3 Rh7 (68... c3 {Ftacnik} 69. Rc8 Kf4 70. Nh1 $3
$15) 69. Kf2 c3 $6 (69... Rd7 $5 70. Re8+ Kd4 71. Rh8 Rb7 72. Rxh2 $2 Rb2+ 73.
Kg1 Rxh2 74. Kxh2 c3 $19 {Bjarke Kristensen}) 70. Rc8 Kd4 71. Rd8+ Kc4 72. Nf5
$1 (72. Rc8+ Kd3 73. Rd8+ Kc2 $19) 72... Rc7 73. Ne3+ Kb5 74. Rd1 $15 {פh2}
Ka4 75. Rc1 Rd7 76. Rxc3 Rd2+ 77. Kg3 f2 (77... Rxa2 {Ftacnik} 78. Nc2 $10) (
77... Re2 $1 {Ftacnik} 78. Nd1 (78. a3 Rxe3 79. Rxe3 Nf1+ 80. Kxf3 Nxe3 81.
Kxe3 Kxa3 $19) 78... Rg2+ 79. Kh3 Rxa2 $19 (79... f2 $2 80. Rf3 $1)) 78. Rc4+
Ka3 79. Rf4 f1=N+ 80. Nxf1 Nxf1+ 81. Rxf1 a5 82. Rf5 a4 83. Rf4 Rxa2 84. Rf3+
Kb4 85. Rf4+ Kc3 86. Rf3+ Kd4 87. Rf4+ Ke5 88. Rb4 a3 89. Rb3 Ke4 90. Kh3 Kd4
91. Rg3 Ra1 92. Kh2 Ke4 93. Rb3 a2 94. Ra3 {Hansen,C} 1/2-1/2

[Event "Capablanca Memorial Elite 30th"]
[Site "Matanzas"]
[Date "1995.??.??"]
[Round "4"]
[White "Sorin, Ariel"]
[Black "Lima, Darcy Gustavo Macha"]
[Result "1-0"]
[WhiteElo "2505"]
[BlackElo "2505"]
[Annotator "Hansen,Cu"]
[PlyCount "57"]
[EventDate "1995.05.??"]
[EventType "tourn"]
[EventRounds "13"]
[EventCountry "CUB"]
[EventCategory "11"]
[SourceTitle "CBM 048"]
[Source "ChessBase"]
[SourceDate "1995.10.01"]
[SourceVersion "1"]
[SourceVersionDate "1995.10.01"]
[SourceQuality "1"]

1. d4 {Ftacnik} d5 2. c4 dxc4 3. e4 c5 4. d5 Nf6 5. Nc3 e6 6. Bxc4 exd5 7. Nxd5
Nxd5 8. Bxd5 Be7 9. Nf3 O-O 10. O-O Qb6 11. Be3 Nc6 (11... Be6 12. b4 Bxd5 (
12... Rd8 $6 13. Bxc5 (13. bxc5 $5 Bxc5 14. Bxc5 Qxc5 15. Bxb7 $1 $16) 13...
Qc7 $5 14. Rc1 (14. Bxe7 Qxe7 15. Bxb7 Rxd1 16. Rfxd1 Bg4 $1 $132) 14... Bxd5
15. exd5 Na6 16. Qd4 $16 {Yusupov,A-Ehlvest,J/Belfort 45/451 (Yusupov,A) 1988 
(31)}) 13. bxc5 (13. Qxd5 Qxb4 14. Rab1 Qa4 15. Rxb7 Nc6 16. Ne5 Nxe5 17. Rxe7
$16) 13... Qc7 14. exd5 Bxc5 15. Rc1 Na6 16. d6 Qb6 17. Rxc5 Nxc5 18. Qd5 Rac8
19. d7 Rc6 20. Ne5 {1-0 Heinig,W-Berndt,M/2.BLN 9192 Magdeburg-Zehlendorf [7]
1992}) (11... Na6 $5 12. Ne5 Nc7 (12... Qxb2 $4 13. Bxf7+ Rxf7 14. Qd5 $18) 13.
Bb3 Qb4 $1 (13... Be6 14. Nd7 $16) 14. Qc2 Be6 15. Nc4 $5 Qb5 (15... b5 $4 16.
a3) (15... Bxc4 16. Bxc4 b5 17. Be2 Ne6 18. a3 Nd4 19. Bxd4 Qxd4 20. Bxb5 Rab8
21. a4 $16) 16. f4 f6 $6 (16... Qc6 17. Ne5 $14 {Milov,V}) 17. f5 Bf7 18. Rac1
b6 (18... Rad8 $5) 19. Qe2 $16 {Milov,V-Afek,Y/Budapest 58/(414) 1993}) 12. Rc1
Bg4 (12... Be6 13. Bxe6 fxe6 14. Qe2 Qb4 15. Qc2 Rac8 16. a3 Qb5 17. Qb1 Na5
18. Rc3 Nb3 19. e5 c4 $15 {Brenninkmeijer,J-Polgar,J/OHRA 1990 (37)}) (12...
Nb4 13. Qa4 Nxd5 14. exd5 Rd8 15. Rfd1 Bf5 {Ftacnik} 16. b3 Rac8 17. Qf4 Bg6
18. Qg4 Bd6 19. Nd2 Qc7 20. h4 f5 21. Qf3 f4 22. Bxc5 Bxc5 23. b4 $36 {
Guseinov,A-Ibragimov,I/URS-chT Azov 1991/1-0 (48)}) (12... Qxb2 13. Bxc5 Bxc5
14. Rxc5 Qb6 15. Qc2 Bd7 16. Rb1 Qc7 17. Ne5 Rac8 18. Qb2 $16 {Sorin,
A-Cifuentes Parada,R/Capablanca mem (03) ;CBM 48 1995/1-0 (48)}) 13. Bxc6 {
[%csl Rc5] Ftacnik Tactical squirmish has one honorable aim, white wants to
demage black s pawn structure.} Bxf3 (13... Qxc6 {Ftacnik} 14. Ne5 Bxd1 15.
Nxc6 bxc6 16. Rfxd1 $16) (13... bxc6 {Ftacnik} 14. Qc2 Bxf3 15. gxf3 $14) 14.
Qd7 $1 (14. Qxf3 Qxc6 (14... bxc6 15. b3 $16) 15. Rfd1 {1/2-1/2
Bukic-Kovacevic/Tuzla 1981} (15. b4 {Ftacnik} b6 16. bxc5 bxc5 $14)) 14... Be2
(14... Qxc6 15. Qxc6 bxc6 16. gxf3 $16 {[%csl Rc5,Rc6]}) (14... bxc6 15. gxf3
$16 {[%csl Rc5,Rc6,Re7]} (15. Qxe7 {Ftacnik} Rfe8 16. Qxc5 Qxc5 17. Bxc5 Bxe4
$10)) 15. Rfe1 Ba6 (15... Qxc6 {Ftacnik} 16. Qxc6 bxc6 17. Rxe2 $16) 16. Qxe7 (
16. Bd5 {Ftacnik} Rae8) 16... Qxc6 (16... bxc6 {Ftacnik} 17. b3 $16) 17. Bxc5
$16 (17. Rxc5 {Ftacnik} Qa4) 17... Rfe8 18. Qh4 Rac8 19. f3 {[%csl Ge4]} b6 20.
Be3 Qa4 21. a3 Rc2 22. Rxc2 Qxc2 23. Bd4 {[%csl Gd4,Rg7][%cal Yd4h8,Rh4g5]
Ftacnik Beautiful spot for B, his location and functions can not get any
better.} (23. Qf2 {Ftacnik} Qxf2+ 24. Kxf2 Rc8 $14) 23... f6 24. Bc3 Re6 $2 (
24... Rd8 $2 {[%cal Yd8d1]} 25. e5 $16) 25. Qg3 {[%cal Rg3b8]} Kf7 26. Qb8 Re7
27. Bb4 $18 Qc7 (27... Rb7 {Ftacnik} 28. Qf8+ Kg6 29. Qe8+ Rf7 30. f4 $18) 28.
Qh8 Re5 (28... Re8 {Ftacnik} 29. Qxh7 $18) 29. Qf8+ {1.30-1.45} (29. Qf8+ {
Ftacnik} Kg6 30. Bd6 $18) 1-0

[Event "Dortmund"]
[Site "Dortmund"]
[Date "1992.??.??"]
[Round "5"]
[White "Shirov, Alexei"]
[Black "Huebner, Robert"]
[Result "1-0"]
[WhiteElo "2655"]
[BlackElo "2615"]
[Annotator "Hansen,Cu"]
[PlyCount "32"]
[EventDate "1992.04.16"]
[EventType "tourn"]
[EventRounds "9"]
[EventCountry "GER"]
[EventCategory "17"]
[SourceTitle "CBM 029"]
[Source "ChessBase"]
[SourceDate "1992.08.01"]
[SourceVersion "1"]
[SourceVersionDate "1992.08.01"]
[SourceQuality "1"]

1. d4 {Dautov Ftacnik} d5 2. c4 dxc4 3. e4 e5 4. Nf3 Bb4+ 5. Nc3 exd4 6. Nxd4
Qe7 (6... Ne7 $142 {Dautov} 7. Bxc4 Nbc6 8. Be3 O-O 9. a3 $5 Bxc3+ 10. bxc3 Na5
11. Be2 $13 {Bareev,E-Ivanchuk,V Dortmund(6) 1992}) 7. Bxc4 Qxe4+ (7... Nf6 {
Dautov} 8. O-O O-O (8... Bxc3 9. bxc3 O-O 10. f3 c5 11. Nc2 Be6 12. Be2 Qc7 13.
c4 Nc6 14. Ne3 Nd4 15. Bd3 $16 {Paul,KM(FRG)-Kothe,HG(USA) corr. 1988}) 9. Bg5
Bxc3 10. bxc3 h6 (10... Qxe4 11. Bxf6 gxf6 12. Re1 $44) 11. Bxf6 Qxf6 12. f4
$14) 8. Kf1 (8. Be3 Bxc3+ 9. bxc3 Ne7 10. O-O O-O 11. Re1 Ng6 12. Bc1 Qg4 13.
Ba3 $36 {Dreev,A-Scherbakov 1988}) 8... Bxc3 (8... Qg4 {Ftacnik} 9. Qa4+ Nc6
10. Ncb5 $13) (8... Qe7 $2 {Dautov} 9. Nd5 Qc5 10. Qe2+ Ne7 11. Nb3 $18) 9.
bxc3 Be6 10. Qa4+ $1 {N} (10. Qb3 Bxc4+ 11. Qxc4 Nc6 12. Bg5 Qg6 13. Re1+ Kf8
14. Nxc6 Qxc6 15. Qb4+ Qd6 16. Qxb7 $18 {Alburt-Romanischin Kiev 1978} (16.
Qxb7 {Ftacnik} Rd8 17. Bxd8 Qxd8 18. Qxa7 $18 {Alburt,L-Romanishin,O/Kiev/1978/
})) (10. Bxe6 {Ftacnik} fxe6 11. Qe2 Qxe2+ 12. Kxe2 Kf7 13. Rb1 b6 14. Nb5 Na6
15. Bf4 Nf6 16. Nxc7 $10) 10... Nc6 (10... Nd7 {Ftacnik} 11. Nxe6 (11. Bg5 $18
{Dautov}) 11... fxe6 12. Bg5 Qg4 13. Rd1 $16) (10... Bd7 $2 {Dautov} 11. Qb3
$18) 11. Bg5 Bxc4+ 12. Qxc4 Nce7 (12... Qg6 {-> Alburt-Romanischin note (10.
Qb3)}) 13. Re1 Qg6 14. h4 (14. Bxe7 $5 {Ftacnik} Nxe7 15. Qxc7 Qd3+ (15... Qf6
16. Nf5 $18) 16. Kg1 O-O 17. Qxe7 $18 (17. Qxe7 {Dautov} Qxc3 18. Nf5 $18))
14... Kf8 (14... c6 {Ftacnik} 15. Bxe7 Nxe7 16. Qc5 Qf6 17. Nf5 $18) (14... Rd8
{Ftacnik} 15. Bxe7 Nxe7 16. Qxc7 Qd6 17. Qxb7 $16) (14... f6 {Dautov} 15. Qb5+
Kf7 16. Qxb7 Nh6 17. Qb3+ Ke8 18. Bxh6 gxh6 19. Qe6 $18) 15. Qxc7 f6 16. Rh3
Qd3+ $4 {Hansen,C} (16... fxg5 17. Rf3+ Ke8 (17... Nf6 {Ftacnik} 18. Qxe7+ Kg8
19. Qxb7 Rd8 20. hxg5 $18) 18. Nf5 $18) 1-0